| 000 | 01033cac a22002651u 4500 | ||
|---|---|---|---|
| 090 | _c7643 | ||
| 008 | 081102t1996 xxu||||| |||| 00| 0 eng d | ||
| 010 | _a 95081166 | ||
| 020 | _a0070112509 | ||
| 082 |
_a001.64 _bCAL |
||
| 100 | _aCallon, Jack D. | ||
| 245 | 1 | 0 |
_aCompetitive advantage through information technology / _cJack D. Callon. |
| 260 |
_aNew York : _bMcGraw-Hill, _cc1996. |
||
| 300 |
_axxiv, 372 p. : _bill. ; _c25 cm. |
||
| 500 | _aDistributr: Al-Ahram. | ||
| 504 | _aIncludes bibliographical references and index. | ||
| 511 | _aCatalogued By: Mahitab. | ||
| 650 | 0 |
_aInformation technology _xCase studies. |
|
| 650 | 0 |
_aInformation resources management _xCase studies. |
|
| 650 | 0 |
_aCompetition, International _xCase studies. |
|
| 856 | 4 | 2 |
_3Publisher description _uhttp://www.loc.gov/catdir/description/mh022/95081166.html |
| 856 | 4 | 2 |
_3Table of contents _uhttp://www.loc.gov/catdir/toc/mh022/95081166.html |
| 942 |
_cBB _k001.64CAL _2ddc |
||
| 999 |
_c7643 _d7643 |
||